00241nam a2200085Ia 4500008004100000100002400041245003900065260003100104650002000135190216s9999||||xx |||||||||||||| ||und|| aKutty Krishna Menon 0aAppanthamburande Sahithya Shiilpam bMangalodhayam Publications aEssay Malayalam